Quiz sul Marocco - Statistics

Statistiche generali
  • Questo quiz è stato fatto 2.065 volte
  • Il punteggio medio è 12 su 20
Statistiche sulle risposte
Hint Risposta % Corretto
Capitale Rabat
95%
Lingue ufficiali Arabo
91%
Paesi africani con cui confina il Marocco Algeria
89%
Città più popolosa Casablanca
88%
Lingua straniera che si stima il 35% dei marocchini sappia parlare Francese
87%
Stretto tra Marocco e Spagna Stretto di {Gibilterra}
81%
Mauritania
75%
Arcipelago spagnolo nelle vicinanze Isole {Canarie}
66%
Piatto nazionale del Marocco composto da piccole palline di grano Cus Cus
64%
Nomina una delle "exclaves" spagnole che confinano con il Marocco Ceuta / Melilla
48%
Città che ha dato il nome a un tipo di cappello rosso con una nappa Fes
48%
Regione rivendicata dal Marocco ma riconosciuta come stato de facto da 87 paesi ONU Sahara Occidentale
46%
Berbero
45%
Regione del Nord Africa che comprende il Marocco M{aghreb}
43%
Catena montuosa più grande Atlante
40%
Antico popolo marinaro che colonizzò il Marocco prima del 1000 a.C. Fenici
37%
Animale nazionale, ora estinto {Leone} Berbero
33%
La città più settentrionale del Marocco, una volta una zona internazionale Tangeri
33%
Antico termine utilizzato per indicare i Nordafricani che hanno invaso l'Iberia Mori
29%
Parola che inizia per "K"che si riferisce a una fortezza o un mastio tipico del Nord Africa Kasba
18%
Nessun quiz corrispondente trovato
Distribuzione punteggi
Percentuale di utenti per punteggio
Percentile per numero di risposta
I tuoi punteggi nel tempo
Non hai fatto questo quiz